000
00293nam a22001097a 4500
999
_c
68396
_d
68393
082
_a
م غ ل
100
_a
مغل ، محمود
245
_a
محبتن جو شھر بڑی میل کھانیون
260
_a
کراچی
_b
کاچو پبلیکیشن
_c
۲۰۱۸
300
_a
۳۲۰
942
_c
BK